[Event "Chinese Championship"]
[Site "?"]
[Date "2012.03.30"]
[Round "4"]
[White "Wang, Yue"]
[Black "Zhao, Jun"]
[Result "1/2-1/2"]
[WhiteElo "2702"]
[BlackElo "2583"]
[PlyCount "142"]
[EventDate "2012.??.??"]
[SourceDate "2012.03.30"]

1. d4 Nf6 2. c4 g6 3. Nc3 Bg7 4. e4 d6 5. Nf3 O-O 6. Be2 e5 7. O-O Na6 8. Be3
c6 9. d5 Ng4 10. Bg5 f6 11. Bh4 c5 12. Ne1 h5 13. Nd3 Qe7 14. a3 Bd7 15. b4 b6
16. h3 Nh6 17. f4 g5 18. fxg5 fxg5 19. Be1 g4 20. h4 Rxf1+ 21. Bxf1 Nf7 22. g3
Bh6 23. Bd2 Qf6 24. Be2 Rc8 25. Qc1 Kg7 26. Bxh6+ Nxh6 27. Qe3 Nf7 28. Nb5 Ra8
29. Rb1 Qh6 30. Qxh6+ Kxh6 31. Nc3 Rc8 32. Ne1 Kg6 33. Kf2 Kf6 34. Ke3 Ke7 35.
Nc2 Nh6 36. Kd3 Rf8 37. Ke3 Rc8 38. Ra1 Rf8 39. Nb5 Ra8 40. Kd2 cxb4 41. axb4
Bxb5 42. cxb5 Nc7 43. Ne3 Ne8 44. Nc4 Nc7 45. Bd3 Nf7 46. Ne3 Nh6 47. Ke2 Ne8
48. Nc4 Nc7 49. Ke3 Nf7 50. Ra2 Nh6 51. Ra4 Nf7 52. Ra1 Nh6 53. Rc1 Ne8 54. Ra1
Nc7 55. Kd2 Nf7 56. Ne3 Nh6 57. Rc1 Ne8 58. Nf5+ Nxf5 59. exf5 Rd8 60. Be4 Nf6
61. Kd3 Kd7 62. Ra1 Ra8 63. Bg2 Kc7 64. Rc1+ Kb7 65. Rc6 Rd8 66. Kc4 Rc8 67.
Kd3 Rd8 68. Kc4 Kb8 69. Kd3 Rd7 70. Be4 Kb7 71. Bg2 Rd8 1/2-1/2

[Event "Chinese Championship"]
[Site "?"]
[Date "2012.03.31"]
[Round "5"]
[White "Yu, Yangyi"]
[Black "Wang, Yue"]
[Result "1/2-1/2"]
[WhiteElo "2615"]
[BlackElo "2702"]
[PlyCount "78"]
[EventDate "2012.??.??"]
[SourceDate "2012.03.31"]

1. e4 e5 2. Nf3 Nf6 3. Nxe5 d6 4. Nf3 Nxe4 5. Nc3 Nxc3 6. dxc3 Be7 7. Be3 Nc6
8. Qd2 Be6 9. O-O-O Qd7 10. Kb1 Bf6 11. Bg5 Bxg5 12. Nxg5 O-O-O 13. Bb5 a6 14.
Ba4 Rde8 15. Rhe1 h6 16. Nxe6 Rxe6 17. Rxe6 fxe6 18. c4 Rf8 19. Qe3 Qf7 20. f3
Qg6 21. a3 Rf6 22. c5 d5 23. Bxc6 bxc6 24. Qe2 Kd7 25. Rd4 Qh5 26. h3 Rg6 27.
Rf4 Rf6 28. Ra4 Rf8 29. Rxa6 Qh4 30. Qe5 Qf6 31. Qxf6 Rxf6 32. Ra8 e5 33. Rg8
g5 34. a4 e4 35. a5 e3 36. Kc1 Rf4 37. Kd1 Ra4 38. Ra8 d4 39. Ke2 Rb4 1/2-1/2

[Event "Chinese Championship"]
[Site "?"]
[Date "2012.04.02"]
[Round "6"]
[White "Wang, Yue"]
[Black "Bu, Xiangzhi"]
[Result "1-0"]
[WhiteElo "2702"]
[BlackElo "2668"]
[PlyCount "99"]
[EventDate "2012.??.??"]
[SourceDate "2012.04.02"]

1. d4 d5 2. c4 c6 3. Nf3 Nf6 4. Nc3 dxc4 5. a4 Bf5 6. Ne5 Nbd7 7. Nxc4 Nb6 8.
Ne5 a5 9. f3 Nfd7 10. e4 Nxe5 11. exf5 Ned7 12. d5 g6 13. dxc6 bxc6 14. Qd4 Rg8
15. Qe4 gxf5 16. Qxf5 Rg6 17. Bd2 e6 18. Qc2 Nc4 19. Bxc4 Qh4+ 20. g3 Qxc4 21.
O-O-O Rb8 22. Bf4 Rb4 23. Qd2 Rb7 24. Rhe1 Qb3 25. Qc2 Ba3 26. Re2 e5 27. Be3
f5 28. Qxb3 Rxb3 29. bxa3 Rxc3+ 30. Kb2 Rxe3 31. Rxe3 Ke7 32. Kc2 h5 33. Rb3
Nc5 34. Rb8 h4 35. Ra8 hxg3 36. hxg3 Ne6 37. Ra7+ Kf6 38. Rd6 e4 39. f4 Rxg3
40. Rxc6 Rg2+ 41. Kd1 Rg1+ 42. Ke2 Rg6 43. Rb6 Rg2+ 44. Kf1 Rg4 45. Raa6 Rxf4+
46. Ke2 Rf3 47. Rxe6+ Kg5 48. Rxa5 Kg4 49. Rg6+ Kf4 50. Rf6 1-0

[Event "Chinese Championship"]
[Site "?"]
[Date "2012.04.03"]
[Round "7"]
[White "Ni, Hua"]
[Black "Wang, Yue"]
[Result "1/2-1/2"]
[WhiteElo "2637"]
[BlackElo "2702"]
[PlyCount "63"]
[EventDate "2012.??.??"]
[SourceDate "2012.04.03"]

1. e4 e5 2. Nf3 Nf6 3. Nxe5 d6 4. Nf3 Nxe4 5. Nc3 Nxc3 6. dxc3 Be7 7. Be3 Nc6
8. Qd2 Be6 9. O-O-O Qd7 10. Kb1 Bf6 11. Be2 O-O-O 12. Nd4 Bxd4 13. cxd4 d5 14.
f3 h5 15. Rhe1 Bf5 16. Bf1 Rhe8 17. Bf2 f6 18. Rxe8 Rxe8 19. Re1 Rxe1+ 20. Qxe1
Qe6 21. Qxe6+ Bxe6 22. Bb5 Bd7 23. Bxc6 Bxc6 24. Kc1 Bb5 25. Kd2 Kd7 26. Ke3
Bf1 27. g4 hxg4 28. fxg4 g5 29. h4 gxh4 30. Bxh4 Ke6 31. g5 fxg5 32. Bxg5
1/2-1/2

[Event "Chinese Championship"]
[Site "?"]
[Date "2012.04.04"]
[Round "8"]
[White "Lu, Shanglei"]
[Black "Wang, Yue"]
[Result "1-0"]
[WhiteElo "2514"]
[BlackElo "2702"]
[PlyCount "79"]
[EventDate "2012.??.??"]
[SourceDate "2012.04.04"]

1. Nf3 Nf6 2. d4 g6 3. c4 Bg7 4. Nc3 d5 5. cxd5 Nxd5 6. Qb3 Nb6 7. e4 Bg4 8.
Be3 Bxf3 9. gxf3 Bxd4 10. Rd1 e5 11. h4 Qe7 12. h5 Nc6 13. hxg6 fxg6 14. Bh3 a6
15. Ke2 Na5 16. Qc2 O-O 17. Nd5 Qf7 18. Qxc7 Nxd5 19. Qxf7+ Rxf7 20. exd5 Bxe3
21. fxe3 Kg7 22. Rc1 b5 23. b3 Nb7 24. Rc6 Nd8 25. Rc2 Rfa7 26. Rhc1 Nf7 27.
Rc7 Rxc7 28. Rxc7 Kf6 29. Be6 Ng5 30. Bc8 a5 31. Rc6+ Ke7 32. d6+ Kd8 33. d7
Ra7 34. f4 exf4 35. exf4 Ne4 36. Ke3 Ng3 37. Rf6 Nf5+ 38. Kd3 Rxd7+ 39. Bxd7
Kxd7 40. Rf7+ 1-0

[Event "Chinese Championship"]
[Site "?"]
[Date "2012.04.05"]
[Round "9"]
[White "Wang, Yue"]
[Black "Hou, Yifan"]
[Result "1/2-1/2"]
[WhiteElo "2702"]
[BlackElo "2639"]
[PlyCount "147"]
[EventDate "2012.??.??"]
[SourceDate "2012.04.05"]

1. d4 Nf6 2. c4 e6 3. Nf3 d5 4. Nc3 Bb4 5. Bg5 h6 6. Bxf6 Qxf6 7. e3 O-O 8. Be2
dxc4 9. O-O c5 10. Ne4 Qe7 11. a3 cxd4 12. Qxd4 Ba5 13. Qxc4 Bb6 14. Qb4 Re8
15. Qxe7 Rxe7 16. Ne5 Bd7 17. Rac1 Nc6 18. Nc4 Bc7 19. Rfd1 Na5 20. Nxa5 Bxa5
21. Nd6 Bc6 22. Bf3 Bxf3 23. gxf3 Rd7 24. Ne4 Rxd1+ 25. Rxd1 Rd8 26. Rb1 Bb6
27. Kf1 Kf8 28. Ke2 Rd5 29. Rc1 Ke7 30. b4 Rd7 31. Rg1 g6 32. a4 a5 33. b5 Rc7
34. Kd3 Rd7+ 35. Kc2 Rc7+ 36. Kb3 Rd7 37. Kc2 Rc7+ 38. Kd3 Rd7+ 39. Ke2 Rc7 40.
Rd1 Rc4 41. Nd6 Rc7 42. f4 Ba7 43. Kf3 Bb8 44. Rd4 Ba7 45. Rd3 Bc5 46. Nc4 Bb4
47. Ne5 Bc5 48. h3 Bb6 49. Rd1 g5 50. h4 gxf4 51. Kxf4 h5 52. Kf3 Ke8 53. Rg1
Kf8 54. Rd1 Ke8 55. Rd3 Rc2 56. Rd1 Bc7 57. Nd3 Rc4 58. Rg1 Rxa4 59. Rg8+ Ke7
60. Ra8 Rc4 61. Ra7 Kd7 62. Rxb7 Kc8 63. Ra7 Kb8 64. b6 Bxb6 65. Rxf7 a4 66.
Ne5 Rc7 67. Rf4 a3 68. Ra4 Bc5 69. Ke4 Bd6 70. Nc4 Ra7 71. Rxa7 Kxa7 72. Nxa3
Bxa3 73. Ke5 Be7 74. Ke4 1/2-1/2

[Event "Chinese Championship"]
[Site "?"]
[Date "2012.04.06"]
[Round "10"]
[White "Li, Shilong"]
[Black "Wang, Yue"]
[Result "1/2-1/2"]
[WhiteElo "2549"]
[BlackElo "2702"]
[PlyCount "190"]
[EventDate "2012.??.??"]
[SourceDate "2012.04.06"]

1. d4 d5 2. c4 c6 3. Nf3 Nf6 4. Nc3 dxc4 5. a4 Bf5 6. Ne5 Nbd7 7. Nxc4 Nb6 8.
Ne5 a5 9. Bg5 g6 10. e3 Bg7 11. Bd3 Be6 12. Be2 O-O 13. O-O Nbd5 14. Bh4 Nd7
15. Nd3 f5 16. Bf3 Nb4 17. Nxb4 axb4 18. Na2 b3 19. Nc1 Bf7 20. Nxb3 Qb6 21.
Ra3 e5 22. a5 Qb4 23. Qe1 Qd6 24. Qc1 h6 25. Rd1 Qb4 26. Nc5 Nxc5 27. Be7 Qb5
28. Qxc5 Qxb2 29. Raa1 e4 30. Rdb1 Qd2 31. Rd1 Qb2 32. Rdb1 Qd2 33. Qa3 exf3
34. Rb2 Rxa5 35. Rxd2 Rxa3 36. Bxa3 Ra8 37. gxf3 Bd5 38. Bb2 Rxa1+ 39. Bxa1
Bxf3 40. Ra2 Bf8 41. Bc3 Kf7 42. Ra7 c5 43. dxc5 Bxc5 44. Ra5 Be7 45. Bd4 h5
46. Bc5 Bf6 47. Bd4 Bd8 48. Ra8 Be7 49. Rh8 g5 50. Rh7+ Ke6 51. Rh6+ Kf7 52.
Kf1 h4 53. Bc3 g4 54. Ke1 h3 55. Kd2 Bg5 56. Rh8 Ke6 57. Re8+ Kd7 58. Rg8 Bh4
59. Ke1 Be4 60. Be5 Ke6 61. Bg3 Be7 62. Kd2 Bb4+ 63. Ke2 Kd5 64. Rc8 b5 65. Rc1
Ba3 66. Rd1+ Kc4 67. Rd4+ Kb3 68. Bd6 Bb2 69. Rb4+ Kc2 70. Rxb2+ Kxb2 71. Kd2
Kb3 72. Be7 Kc4 73. Bh4 Kb3 74. Kc1 Bf3 75. Bg3 b4 76. Kb1 Be4+ 77. Kc1 Ka2 78.
Be5 Bd3 79. Kd2 Bb1 80. Kc1 Be4 81. Bd6 b3 82. Be5 Bf3 83. Bb2 g3 84. fxg3 Bg4
85. Be5 Bh5 86. Bb2 Bg4 87. Be5 Ka3 88. Bd6+ Ka4 89. Kb2 Kb5 90. Kxb3 Kc6 91.
Bf4 Kd5 92. Kc3 Ke4 93. Kd2 Kf3 94. Ke1 Kg2 95. Bd6 Kg1 1/2-1/2

[Event "Chinese Championship"]
[Site "?"]
[Date "2012.04.07"]
[Round "11"]
[White "Wang, Yue"]
[Black "Wang, Chen"]
[Result "1-0"]
[WhiteElo "2702"]
[BlackElo "2490"]
[PlyCount "63"]
[EventDate "2012.??.??"]
[SourceDate "2012.04.07"]

1. d4 d5 2. c4 e6 3. Nc3 c5 4. cxd5 cxd4 5. Qa4+ Bd7 6. Qxd4 exd5 7. Qxd5 Nc6
8. Nf3 Nf6 9. Qd1 Bc5 10. a3 O-O 11. Bg5 Qb6 12. e3 Be7 13. Bd3 Bg4 14. Qc2 h6
15. Bh4 Rfd8 16. O-O Bxf3 17. gxf3 Nd5 18. Nxd5 Rxd5 19. Bg3 Bf6 20. Rab1 Rad8
21. Rfd1 h5 22. Bh7+ Kh8 23. Rxd5 Rxd5 24. Be4 Rd7 25. h3 h4 26. Bf4 Qa5 27.
Rd1 Rxd1+ 28. Qxd1 g5 29. Bh2 Kg7 30. Qd7 Bxb2 31. Qxb7 Be5 32. Bxc6 1-0

[Event "Czech League, Extraliga"]
[Site "?"]
[Date "2011.12.03"]
[Round "3"]
[White "Laznicka, Viktor"]
[Black "Yemelin, Vasily"]
[Result "0-1"]
[WhiteElo "2701"]
[BlackElo "2568"]
[PlyCount "64"]
[EventDate "2011.??.??"]

1. c4 c5 2. Nf3 Nc6 3. d4 cxd4 4. Nxd4 e6 5. g3 Bb4+ 6. Nc3 Qa5 7. Ndb5 d5 8.
Bf4 e5 9. Bd2 dxc4 10. Nd5 Bxd2+ 11. Qxd2 Qxd2+ 12. Kxd2 Kf8 13. Bg2 Be6 14.
Ndc7 Rd8+ 15. Kc3 Nf6 16. Rhd1 Ke7 17. Nxe6 fxe6 18. Kxc4 Nd5 19. Bxd5 exd5+
20. Kd3 h5 21. f3 g5 22. Nc3 g4 23. Rf1 Ke6 24. a3 h4 25. e4 dxe4+ 26. Kxe4
hxg3 27. hxg3 Rd4+ 28. Ke3 Na5 29. fxg4 Nc4+ 30. Kf2 Rh2+ 31. Kg1 Rdd2 32. Rf3
Rdg2+ 0-1

[Event "Czech League, Extraliga"]
[Site "?"]
[Date "2011.12.03"]
[Round "3"]
[White "Navara, David"]
[Black "Najer, Evgeniy"]
[Result "1-0"]
[WhiteElo "2705"]
[BlackElo "2637"]
[PlyCount "127"]
[EventDate "2011.??.??"]

1. d4 d5 2. c4 c6 3. Nf3 Nf6 4. Qb3 dxc4 5. Qxc4 Bg4 6. Nc3 Nbd7 7. e4 Bxf3 8.
gxf3 e5 9. Be3 exd4 10. Bxd4 Bd6 11. O-O-O Qe7 12. Be3 Bc5 13. f4 b5 14. Qd3 b4
15. Na4 Bxe3+ 16. Qxe3 O-O 17. Rg1 Rfe8 18. Bd3 Nb6 19. Nxb6 axb6 20. e5 g6 21.
exf6 Qxf6 22. Qxb6 Rxa2 23. Qxb4 c5 24. Qb3 Ra1+ 25. Kc2 Qxf4 26. Qb5 Raa8 27.
Qc4 Qxf2+ 28. Kb1 Rab8 29. Qc2 Qxc2+ 30. Kxc2 Rb4 31. b3 Rh4 32. Rd2 Kg7 33.
Rg5 f5 34. Bxf5 c4 35. b4 Rb8 36. Rg4 Rxg4 37. Bxg4 Rxb4 38. Rd7+ Kh8 39. Kc3
Ra4 40. h3 Ra6 41. Kxc4 Ra2 42. Kd3 Ra4 43. Ke3 Rb4 44. Rc7 Ra4 45. Be6 Ra6 46.
Bb3 Rf6 47. Ke4 Rf5 48. Be6 Rf1 49. Ke5 Rf2 50. h4 Rf8 51. Ra7 Rf2 52. h5 Rf1
53. h6 Rf8 54. Rb7 Re8 55. Kf6 Rf8+ 56. Ke7 Ra8 57. Rc7 Rb8 58. Ra7 g5 59. Bf5
g4 60. Kf6 g3 61. Rxh7+ Kg8 62. Rg7+ Kh8 63. Be6 Rf8+ 64. Kg6 1-0

[Event "Czech League, Extraliga"]
[Site "?"]
[Date "2011.12.03"]
[Round "3"]
[White "Ponomariov, Ruslan"]
[Black "Vitiugov, Nikita"]
[Result "1/2-1/2"]
[WhiteElo "2758"]
[BlackElo "2726"]
[PlyCount "32"]
[EventDate "2011.??.??"]

1. d4 Nf6 2. Nf3 e6 3. e3 d5 4. c4 a6 5. b3 b6 6. Bd3 Bb7 7. O-O Nbd7 8. Bb2
Bd6 9. Nbd2 O-O 10. Ne5 Ne4 11. Nxd7 Qxd7 12. Rc1 Qe7 13. Nf3 f5 14. Qe2 a5 15.
Ne5 a4 16. f4 c5 1/2-1/2

[Event "Czech League, Extraliga"]
[Site "?"]
[Date "2011.12.03"]
[Round "3"]
[White "Stocek, Jiri"]
[Black "Wojtaszek, Radoslaw"]
[Result "0-1"]
[WhiteElo "2600"]
[BlackElo "2704"]
[PlyCount "61"]
[EventDate "2011.??.??"]

1. d4 Nf6 2. c4 e6 3. Nf3 b6 4. Nc3 Bb7 5. a3 d5 6. cxd5 Nxd5 7. e3 g6 8. Bb5+
c6 9. Bc4 Nxc3 10. bxc3 Bg7 11. O-O O-O 12. e4 c5 13. Bg5 Qd6 14. Re1 Nc6 15.
e5 Qc7 16. Rc1 Na5 17. Bd3 Rac8 18. h4 cxd4 19. cxd4 Qd7 20. Be4 Bxe4 21. Rxe4
Qd5 22. Re3 Rc4 23. Rec3 Rfc8 24. Qa4 h6 25. Rxc4 Nxc4 26. Qa6 Rc7 27. Bf6 b5
28. Rb1 Rb7 29. Bxg7 Kxg7 30. a4 b4 31. Ne1 {time} 0-1

[Event "Czech League, Extraliga"]
[Site "?"]
[Date "2011.12.04"]
[Round "4"]
[White "Ftacnik, Lubomir"]
[Black "Ponomariov, Ruslan"]
[Result "1/2-1/2"]
[WhiteElo "2570"]
[BlackElo "2758"]
[PlyCount "58"]
[EventDate "2011.??.??"]

1. Nf3 Nf6 2. c4 e6 3. Nc3 Bb4 4. g3 b6 5. Bg2 Bb7 6. O-O O-O 7. Qc2 c5 8. b3
d5 9. cxd5 exd5 10. a3 Bxc3 11. dxc3 Nbd7 12. Rd1 Re8 13. Nh4 Ne4 14. f3 Nef6
15. Nf5 Re6 16. Bf4 g6 17. Nh6+ Kg7 18. Bh3 Re8 19. Ra2 Qe7 20. Qc1 Nh5 21. Bg5
f6 22. Bd2 Kh8 23. Be1 Ne5 24. Bf2 f5 25. Bg2 Nf6 26. h3 Rf8 27. Be3 a5 28. a4
Qe6 29. Bg5 Rae8 1/2-1/2

[Event "Czech League, Extraliga"]
[Site "?"]
[Date "2011.12.04"]
[Round "4"]
[White "Studnicka, Tomas"]
[Black "Laznicka, Viktor"]
[Result "0-1"]
[WhiteElo "2359"]
[BlackElo "2701"]
[PlyCount "92"]
[EventDate "2011.??.??"]

1. d4 d5 2. c4 c6 3. cxd5 cxd5 4. Nc3 Nc6 5. Bf4 Nf6 6. e3 a6 7. Nf3 Bf5 8. Bd3
Bxd3 9. Qxd3 e6 10. O-O Nd7 11. Rac1 Be7 12. Bg3 O-O 13. Na4 Qa5 14. Qb3 Qb5
15. Nd2 Rfc8 16. Nc3 Qb6 17. Na4 Qa7 18. a3 b5 19. Nc3 Nb6 20. Ncb1 Qd7 21. Qa2
a5 22. b3 a4 23. b4 Nxb4 24. axb4 Bxb4 25. Na3 Bf8 26. Rxc8 Rxc8 27. Rb1 b4 28.
Nc2 Qb5 29. h3 Nc4 30. Nxc4 b3 31. N4a3 bxa2 32. Rxb5 Bxa3 33. Rb8 Rxb8 34.
Bxb8 Bb2 35. Bd6 a1=R+ 36. Nxa1 Bxa1 37. Ba3 e5 38. dxe5 Bxe5 39. f4 Bc7 40.
Bc5 f5 41. Kf2 Kf7 42. Ke2 h5 43. Kd3 Ke6 44. Kc3 Bd6 45. Bxd6 Kxd6 46. Kb4 d4
0-1

[Event "Czech League, Extraliga"]
[Site "?"]
[Date "2011.12.04"]
[Round "4"]
[White "Wojtaszek, Radoslaw"]
[Black "Zvara, Petr"]
[Result "1/2-1/2"]
[WhiteElo "2704"]
[BlackElo "2388"]
[PlyCount "202"]
[EventDate "2011.??.??"]

1. d4 Nf6 2. c4 g6 3. Nc3 Bg7 4. e4 d6 5. Nf3 O-O 6. Be2 e5 7. Be3 Ng4 8. Bg5
f6 9. Bh4 g5 10. Bg3 Nh6 11. dxe5 dxe5 12. Qc2 c6 13. Nd2 Na6 14. O-O-O Nc5 15.
Nb3 Nxb3+ 16. Qxb3 Qe7 17. f3 Be6 18. Bf2 b5 19. Qc2 a6 20. Nb1 Rfd8 21. Nd2 f5
22. Nb3 fxe4 23. fxe4 Ng4 24. Bc5 Qf7 25. Rhf1 Qg6 26. Na5 Rxd1+ 27. Rxd1 Rc8
28. Nb7 Bf8 29. Bxg4 Bxg4 30. Rf1 Bxc5 31. Nxc5 Qd6 32. Qf2 Qe7 33. h3 Bh5 34.
Nxa6 Ra8 35. Qc5 Qxc5 36. Nxc5 Rxa2 37. Rf5 h6 38. cxb5 cxb5 39. Rxe5 Ra1+ 40.
Kd2 Rg1 41. g4 Bf7 42. Re7 Rg2+ 43. Kc3 b4+ 44. Kxb4 Rxb2+ 45. Kc3 Rh2 46. Kd4
Rxh3 47. Nd7 h5 48. Re5 hxg4 49. Rxg5+ Kh7 50. Rxg4 Rh1 51. Ke5 Kh6 52. Nf8 Rf1
53. Ne6 Kh5 54. Rg7 Kh6 55. Rg3 Re1 56. Nd4 Ba2 57. Kf6 Kh7 58. e5 Rb1 59. Nf5
Rb6+ 60. Nd6 Kh8 61. Ke7 Kh7 62. Rg5 Ra6 63. Kf6 Bb3 64. Rg2 Bd5 65. Rg4 Bb3
66. Rh4+ Kg8 67. Rb4 Bd5 68. Kg6 Kf8 69. Kf6 Kg8 70. Rb5 Ba2 71. Kg6 Kf8 72.
Rb7 Bd5 73. Rd7 Ba2 74. Kg5 Bb3 75. Kf6 Kg8 76. Rg7+ Kh8 77. Rb7 Bd5 78. Rb8+
Kh7 79. Kf5 Ra8 80. Rb5 Rf8+ 81. Kg5 Rg8+ 82. Kf6 Rg6+ 83. Kf5 Be6+ 84. Kf4
Rg4+ 85. Kf3 Ra4 86. Ne4 Kg6 87. Nc5 Bd5+ 88. Ke3 Ra1 89. Nd3 Bc4 90. Rb6+ Kg5
91. Nb2 Re1+ 92. Kd4 Ba2 93. Rf6 Bb3 94. Nd3 Rd1 95. Ke3 Bc4 96. Nf2 Re1+ 97.
Kd4 Ba2 98. Ne4+ Kg4 99. Rg6+ Kf5 100. Rg5+ Kf4 101. Nc3 Kxg5 1/2-1/2

[Event "Czech League, Extraliga"]
[Site "?"]
[Date "2012.01.07"]
[Round "5"]
[White "Navara, David"]
[Black "Polak, Tomas"]
[Result "1-0"]
[WhiteElo "2705"]
[BlackElo "2543"]
[PlyCount "47"]
[EventDate "2012.??.??"]

1. d4 Nf6 2. c4 e6 3. Nf3 Bb4+ 4. Bd2 a5 5. Nc3 b6 6. Bg5 Bb7 7. e3 h6 8. Bh4
d6 9. Bd3 Nbd7 10. O-O Bxc3 11. bxc3 g5 12. Bg3 Ne4 13. Qc2 Nxg3 14. fxg3 Qe7
15. Rf2 O-O 16. g4 Nf6 17. h3 Ne8 18. Raf1 Ng7 19. Bh7+ Kh8 20. Be4 Bxe4 21.
Qxe4 Rae8 22. Ne5 Nf5 23. gxf5 exf5 24. Qc6 1-0

[Event "Czech League, Extraliga"]
[Site "?"]
[Date "2012.01.07"]
[Round "5"]
[White "Zvara, Petr"]
[Black "Movsesian, Sergei"]
[Result "1-0"]
[WhiteElo "2388"]
[BlackElo "2715"]
[PlyCount "69"]
[EventDate "2012.??.??"]

1. e4 c5 2. Nf3 e6 3. d4 cxd4 4. Nxd4 Nc6 5. Nc3 d6 6. g4 a6 7. Be3 Nge7 8. Nb3
b5 9. f4 Bb7 10. Qd2 Na5 11. Nxa5 Qxa5 12. Bg2 Qc7 13. O-O-O Nc6 14. Qf2 Rc8
15. Kb1 Nb8 16. f5 Nd7 17. fxe6 fxe6 18. g5 Ne5 19. Bd4 Qf7 20. Qe2 Nc6 21. Bb6
Be7 22. Rhf1 Qg6 23. h4 h6 24. e5 d5 25. h5 Qxg5 26. Bh3 Bd8 27. Bxe6 Bxb6 28.
Nxd5 Bd4 29. Bxc8 Bxc8 30. Qf3 Nxe5 31. Qe4 Bh3 32. Qxd4 Bxf1 33. Nc7+ Kf7 34.
Qd5+ Ke7 35. Qe6+ 1-0

[Event "Czech League, Extraliga"]
[Site "?"]
[Date "2012.01.08"]
[Round "6"]
[White "Dziuba, Martin"]
[Black "Navara, David"]
[Result "0-1"]
[WhiteElo "2592"]
[BlackElo "2705"]
[PlyCount "122"]
[EventDate "2012.??.??"]

1. d4 Nf6 2. c4 e6 3. g3 Bb4+ 4. Bd2 Qe7 5. Bg2 Nc6 6. Nf3 Bxd2+ 7. Nbxd2 a5 8.
O-O d6 9. e4 e5 10. d5 Nb8 11. b3 O-O 12. Ne1 Na6 13. a3 Bg4 14. f3 Bd7 15. Nd3
c6 16. Rf2 Rfc8 17. Bf1 Qd8 18. dxc6 Bxc6 19. b4 axb4 20. axb4 Bd7 21. Rc1 Be6
22. b5 Nc5 23. Nb4 Nfd7 24. Nb1 Qg5 25. Rcc2 Ra4 26. Nd5 Bxd5 27. Qxd5 Ra1 28.
Nc3 Nb6 29. Qd2 Qxd2 30. Rfxd2 Nxc4 31. Rd1 Rxd1 32. Nxd1 Nb6 33. Ne3 g6 34.
Rd2 Rd8 35. Nc4 Nxc4 36. Bxc4 Na4 37. Bd5 Nc3 38. Bxb7 Nxb5 39. Kg2 Nd4 40. f4
Kg7 41. Bd5 Rc8 42. h4 Rc7 43. g4 Rc3 44. fxe5 dxe5 45. Rf2 f6 46. Rb2 Nf3 47.
Rb7+ Kh6 48. g5+ fxg5 49. hxg5+ Nxg5 50. Re7 Kh5 51. Rxe5 Kg4 52. Re7 Kf4 53.
Re8 Rc2+ 54. Kf1 Nf3 55. e5 Nxe5 56. Rf8+ Kg5 57. Bg2 h5 58. Kg1 Kh4 59. Re8
Rc5 60. Be4 Kg3 61. Kf1 g5 0-1

[Event "Czech League, Extraliga"]
[Site "?"]
[Date "2012.01.08"]
[Round "6"]
[White "Movsesian, Sergei"]
[Black "Najer, Evgeniy"]
[Result "1/2-1/2"]
[WhiteElo "2715"]
[BlackElo "2637"]
[PlyCount "93"]
[EventDate "2012.??.??"]

1. c4 e5 2. g3 Nf6 3. Bg2 Nc6 4. Nc3 Bc5 5. a3 a6 6. e3 O-O 7. Nge2 d6 8. O-O
Ba7 9. d3 Ne7 10. b4 c6 11. d4 Be6 12. c5 Ng6 13. Qc2 exd4 14. exd4 Qd7 15. Bg5
Nd5 16. Nxd5 Bxd5 17. Bxd5 cxd5 18. Nf4 dxc5 19. Nxg6 hxg6 20. bxc5 Qc6 21. Qd3
b6 22. Rac1 bxc5 23. dxc5 Rfc8 24. Be3 Rd8 25. Bd4 Rab8 26. Qc3 Qa4 27. Rb1 f6
28. Rb4 Qc6 29. Re1 Kf7 30. h4 Rbc8 31. Rc1 Re8 32. Be3 Re5 33. Qb3 Re7 34. Rd4
Rd8 35. Rcd1 Red7 36. Rb4 Qe6 37. Bd4 Rc8 38. Rc1 Rdc7 39. Rb7 Qe4 40. Rd1 Qe6
41. c6 Bxd4 42. Rxd4 Qxc6 43. Rxd5 Kf8 44. Rb6 Qe8 45. Rd1 Rc3 46. Qb4+ Kg8 47.
Rbd6 1/2-1/2

[Event "Czech League, Extraliga"]
[Site "?"]
[Date "2012.01.08"]
[Round "6"]
[White "Wojtaszek, Radoslaw"]
[Black "Jakubiec, Artur"]
[Result "1-0"]
[WhiteElo "2704"]
[BlackElo "2528"]
[PlyCount "99"]
[EventDate "2012.??.??"]

1. d4 f5 2. g3 Nf6 3. Bg2 d6 4. Nf3 c6 5. c4 Qc7 6. Bf4 Nbd7 7. d5 Nc5 8. Nc3
e5 9. dxe6 Nxe6 10. Bd2 g6 11. O-O Bg7 12. Qc2 O-O 13. Rad1 Ng4 14. e3 Nc5 15.
b4 Ne6 16. Ne2 a5 17. bxa5 Nf6 18. Nfd4 Ng5 19. Nb3 Nfe4 20. Bb4 Nf7 21. Nf4
Re8 22. Rfe1 Qe7 23. c5 d5 24. f3 Nf6 25. Bc3 Ne5 26. Bd4 g5 27. Nd3 Nxd3 28.
Qxd3 Be6 29. Qc3 Bf7 30. Bf1 Bh5 31. Kg2 Qf7 32. Qc2 Re7 33. Bd3 Rf8 34. Bxf5
g4 35. f4 Ne4 36. Bxg7 Qxg7 37. Nd4 Qh6 38. a6 bxa6 39. Rb1 Bg6 40. Nxc6 Rc7
41. Be6+ Kh8 42. Bxd5 Nf6 43. Qc3 Qg7 44. e4 Rfc8 45. Rb6 Nd7 46. Qxg7+ Kxg7
47. Rxa6 Nxc5 48. Ra7 Rxa7 49. Nxa7 Rb8 50. Re2 1-0

[Event "Czech League, Extraliga"]
[Site "?"]
[Date "2012.03.03"]
[Round "7"]
[White "Laznicka, Viktor"]
[Black "Matlakov, Maxim"]
[Result "1-0"]
[WhiteElo "2701"]
[BlackElo "2630"]
[PlyCount "83"]
[EventDate "2012.??.??"]

1. d4 d5 2. c4 c6 3. Nc3 Nf6 4. Nf3 a6 5. e3 e6 6. b3 Bb4 7. Bd2 Nbd7 8. Bd3
O-O 9. O-O Bd6 10. Re1 h6 11. e4 dxc4 12. bxc4 e5 13. c5 Bc7 14. Qc2 exd4 15.
Ne2 Re8 16. h3 Nh7 17. Nexd4 Ne5 18. Rad1 Ng5 19. Nxe5 Bxe5 20. Ne2 Nxh3+ 21.
gxh3 Qh4 22. Bc3 Bxh3 23. Bxe5 Rxe5 24. Ng3 h5 25. Re3 Qg5 26. Kh2 Bg4 27. Be2
Rxc5 28. Qb2 Re8 29. Bxg4 Qxg4 30. Qe2 Qh4+ 31. Kg2 Qg5 32. Kh3 g6 33. Rd7 Rc2
34. Qxc2 Qg4+ 35. Kh2 Qxd7 36. e5 Qd5 37. Qb2 Re6 38. Qxb7 h4 39. Ne2 Qxa2 40.
Rf3 Re8 41. Nf4 Qc2 42. Ne6 1-0

[Event "Czech League, Extraliga"]
[Site "?"]
[Date "2012.03.03"]
[Round "7"]
[White "Movsesian, Sergei"]
[Black "Navara, David"]
[Result "1/2-1/2"]
[WhiteElo "2715"]
[BlackElo "2705"]
[PlyCount "54"]
[EventDate "2012.??.??"]

1. c4 Nf6 2. Nc3 e6 3. e4 d5 4. e5 d4 5. exf6 dxc3 6. bxc3 Qxf6 7. Nf3 b6 8. g3
Bb7 9. Bg2 Bd6 10. d4 h6 11. O-O O-O 12. a4 Nc6 13. Nd2 Na5 14. Bxb7 Nxb7 15.
Nb3 e5 16. a5 exd4 17. cxd4 Nxa5 18. Nxa5 bxa5 19. Rxa5 Bb4 20. Ra2 a5 21. Be3
Rfe8 22. Qh5 Qc6 23. Rc1 Qe4 24. Qe2 c6 25. Qc2 Qf3 26. Qe2 Qe4 27. Qc2 Qf3
1/2-1/2

[Event "Czech League, Extraliga"]
[Site "?"]
[Date "2012.03.04"]
[Round "8"]
[White "Ftacnik, Lubomir"]
[Black "Movsesian, Sergei"]
[Result "1/2-1/2"]
[WhiteElo "2570"]
[BlackElo "2715"]
[PlyCount "48"]
[EventDate "2012.??.??"]

1. Nf3 Nf6 2. c4 e6 3. g3 d5 4. Bg2 dxc4 5. Qa4+ Nfd7 6. Qxc4 c5 7. d4 Nb6 8.
Qb5+ Bd7 9. Qd3 Bc6 10. O-O cxd4 11. Qxd4 Qxd4 12. Nxd4 Bxg2 13. Kxg2 a6 14.
Nc3 N8d7 15. b3 Be7 16. Bb2 O-O 17. Rac1 Rac8 18. Rfd1 Rfd8 19. Ne4 Nf6 20.
Rxc8 Rxc8 21. Nxf6+ Bxf6 22. e4 Rd8 23. Rd2 Kf8 24. Kf1 Ke8 1/2-1/2

[Event "Czech League, Extraliga"]
[Site "?"]
[Date "2012.03.04"]
[Round "8"]
[White "Navara, David"]
[Black "Pacher, Milan"]
[Result "1-0"]
[WhiteElo "2705"]
[BlackElo "2403"]
[PlyCount "51"]
[EventDate "2012.??.??"]

1. d4 d5 2. c4 c6 3. Nf3 Nf6 4. e3 Bg4 5. Qb3 Qb6 6. Nc3 e6 7. Nh4 Bh5 8. h3
Be7 9. g4 Nfd7 10. cxd5 Bxh4 11. dxe6 Bg6 12. exd7+ Nxd7 13. Bg2 O-O-O 14. Bd2
Nc5 15. Qxb6 Nd3+ 16. Ke2 axb6 17. f4 Nf2 18. Be1 Bd3+ 19. Kf3 Nxh1 20. Bxh4 f6
21. Rxh1 Rhe8 22. Rd1 Bc2 23. Rd2 Bg6 24. e4 b5 25. e5 b4 26. Na4 1-0